|
|
|
|
| LEADER |
00000cam a2200000 a 4500 |
| 001 |
70031-5 |
| 005 |
20230308165137.0 |
| 008 |
992122|1986 ||||||||r|||||||||||spa|| |
| 020 |
|
|
|a 9684518579
|
| 040 |
|
|
|b spa
|
| 041 |
1 |
|
|a spa
|
| 082 |
0 |
|
|a 660.28
|
| 245 |
|
|
|a Biblioteca del ingeniero químico
|c Robert H. Perry y Cecil H. Chilton
|h imp
|
| 250 |
|
|
|a 2. ed.
|
| 264 |
|
|
|a México
|b McGraw-Hill
|c 1986
|
| 300 |
|
|
|a 335 páginas:
|b ilu
|c 26 cm
|
| 650 |
|
|
|a Liquido
|9 50592
|
| 650 |
|
|
|a Gas-Solido
|9 50593
|
| 650 |
|
|
|a Iones
|9 38561
|
| 650 |
|
|
|a Filtracion
|9 38974
|
| 700 |
1 |
|
|a Perry, Robert H.
|9 37670
|
| 700 |
1 |
|
|a Chilton, Cecil H.
|9 37671
|
| 852 |
|
|
|a UC-CDJBV
|c ESTANTEIA CERRADA
|f Compra
|k mariana.quezada
|l 1
|m General
|p 19921222
|q 62.400
|r 2
|t 70031-5
|b 0
|d CDRC
|e CDRC
|g 660.28 ESTANTEIA CERRADA
|z 1992-21-22
|
| 942 |
|
|
|c BK
|
| 999 |
|
|
|c 27811
|d 27811
|